00385nam a2200145Ia 4500008004100000020001500041041001200056082001600068100001400084245007100098260003500169300000800204650001400212700001300226221030s9999 xx 000 0 und d a8177585908 aEnglish a105.23bAlf aA. V. Aho 0aCompilers : Principles, Techniques & Toolscby A. V. Aho, R. Sethi bPearson EducationaDelhic2006 a780 aComputers aR. Sethi